Kẻ giết tổng thống : Tập truyện
Đã lưu trong:
| Hovedforfatter: | |
|---|---|
| Format: | Bog |
| Sprog: | Undetermined |
| Udgivet: |
Hà Nội
Quân Đội Nhân Dân
2004
|
| Fag: | |
| Tags: |
Tilføj Tag
Ingen Tags, Vær først til at tagge denne postø!
|
| Thư viện lưu trữ: | Trung tâm Học liệu Trường Đại học Cần Thơ |
|---|
| LEADER | 00590nam a2200205Ia 4500 | ||
|---|---|---|---|
| 001 | CTU_74217 | ||
| 008 | 210402s9999 xx 000 0 und d | ||
| 020 | |b 47000 | ||
| 082 | |a 839.3 | ||
| 082 | |b V629 | ||
| 100 | |a Vicary, Tim | ||
| 245 | 0 | |a Kẻ giết tổng thống : | |
| 245 | 0 | |b Tập truyện | |
| 245 | 0 | |c Tim Vicary ; Ngọc Điểm ( dịch ) | |
| 260 | |a Hà Nội | ||
| 260 | |b Quân Đội Nhân Dân | ||
| 260 | |c 2004 | ||
| 650 | |a Nertherlandish literatures | ||
| 904 | |i Mai Loan, Qhieu | ||
| 980 | |a Trung tâm Học liệu Trường Đại học Cần Thơ | ||